000 00409nam a22001697a 4500
003 SGT
020 _a9789356968127
082 _a611
_bI25K
100 _aK. Pushpalatha
245 _aInderbir SIngh's Textbook of Human Histology
250 _a11th Ed.
260 _aNew Delhi, India
_bJaypee Publishers
_c2025
300 _a351
650 _aHistology/Anatomy
700 _aBhat, Deepa
942 _2ddc
_cBK
999 _c32877
_d32877